আমার জীবন / (Record no. 74263)
[ view plain ]
| 000 -LEADER | |
|---|---|
| fixed length control field | 01086nam a2200277 a 4500 |
| 001 - CONTROL NUMBER | |
| control field | 74263 |
| 003 - CONTROL NUMBER IDENTIFIER | |
| rucl marc code | BD-RjUL |
| 005 - DATE AND TIME OF LATEST TRANSACTION | |
| control field | 20211209082528.0 |
| 008 - FIXED-LENGTH DATA ELEMENTS--GENERAL INFORMATION | |
| fixed length control field | 180423s2017 bg ||||| i||| 001 0aben d |
| 020 ## - INTERNATIONAL STANDARD BOOK NUMBER | |
| International Standard Book Number | 9847012402566 |
| Terms of availability | Tk.300.00 |
| 035 ## - SYSTEM CONTROL NUMBER | |
| System control number | (BD-RjUL)74481 |
| 040 ## - CATALOGING SOURCE | |
| Original cataloging agency | BD-RjUL |
| Language of cataloging | eng |
| Transcribing agency | BD-RjUL |
| 041 ## - LANGUAGE CODE | |
| Language code of text/sound track or separate title | ben |
| 082 ## - DEWEY DECIMAL CLASSIFICATION NUMBER | |
| Edition number | 23 |
| Classification number | 362.41092 |
| Author mark and year | KES 2017 |
| 100 1# - MAIN ENTRY--PERSONAL NAME | |
| Personal name | কেলার, হেলেন |
| 9 (RLIN) | 221224 |
| 245 10 - TITLE STATEMENT | |
| Title | আমার জীবন / |
| 260 ## - PUBLICATION, DISTRIBUTION, ETC. (IMPRINT) | |
| Place of publication, distribution, etc. | ঢাকা : |
| Name of publisher, distributor, etc. | সাহিত্য প্রকাশ , |
| Date of publication, distribution, etc. | ২০১৭ |
| 300 ## - PHYSICAL DESCRIPTION | |
| Pagination | ১৪৩ পৃ. ; |
| Size | ২২ সেমি. |
| 500 ## - GENERAL NOTE | |
| General note | ইনডেক্স সম্বলিত |
| 600 ## - SUBJECT ADDED ENTRY--PERSONAL NAME | |
| Personal name | কেলার, হেলেন |
| Chronological subdivision | ১৮৮০-১৯৬৮ |
| Personal name | Keller, Helen, |
| Chronological subdivision | 1880-1968. |
| 650 ## - SUBJECT ADDED ENTRY--TOPICAL TERM | |
| Topical term or geographic name as entry element | বধির মানুষ |
| Geographic subdivision | যুক্তরাষ্ট্র |
| Form subdivision | জ়ীবনী |
| 9 (RLIN) | 221227 |
| Topical term or geographic name as entry element | Deafblind people |
| Geographic subdivision | United States |
| Form subdivision | Biography. |
| 9 (RLIN) | 74475 |
| 700 ## - ADDED ENTRY--PERSONAL NAME | |
| Personal name | শাহজাহান, মোহাম্মদ ; অনুবাদ |
| 942 ## - ADDED ENTRY ELEMENTS (KOHA) | |
| Source of classification or shelving scheme | Dewey Decimal Classification |
| Koha item type | Books |
| Lost status | Source of classification or shelving scheme | Damaged status | Not for loan | Collection code | Permanent Location | Current Location | Shelving location | Date acquired | Source of acquisition | Cost, normal purchase price | Total Checkouts | Full call number | Date last seen | Copy number | Koha item type | Date checked out |
|---|---|---|---|---|---|---|---|---|---|---|---|---|---|---|---|---|
| Dewey Decimal Classification | Not For Loan | Non-fiction | Central Library, University of Rajshahi | Central Library, University of Rajshahi | Reading Room | 15/03/2017 | Rajshahi Vidyasagar | 300.00 | B 362.41092 KES 2017 | 23/04/2018 | C-1 | Books | ||||
| Dewey Decimal Classification | Non-fiction | Central Library, University of Rajshahi | Central Library, University of Rajshahi | 15/03/2017 | Rajshahi Vidyasagar | 300.00 | B 362.41092 KES 2017 | 23/04/2018 | C-2 | Books | ||||||
| Dewey Decimal Classification | Non-fiction | Central Library, University of Rajshahi | Central Library, University of Rajshahi | 15/03/2017 | Rajshahi Vidyasagar | 300.00 | 1 | B 362.41092 KES 2017 | 18/05/2023 | C-3 | Books | 07/05/2023 |